000 00596nam a2200181Ia 4500
005 20250423100242.0
008 250422s9999 xx 000 0 und d
020 _a9781118396247
050 _aQP 187.3.A34 .M65/
100 _aEdited by Mauricio Rojas; Silke Meiners & Claude Jourdan Le Saux
245 0 _aMolecular aspects of aging: understanding lung aging
260 _aCanada
260 _bJohn Wiley & Sons
260 _c2014
300 _a207 p
650 _a Aging--physiology. Lung--physiology. Age Factors. Lung Diseases--metabolism. Lung Diseases--physiopathology
942 _cBK
999 _c32738
_d32738